The Latin American companies handbook 1995.
| Corporate Author: | |
|---|---|
| Format: | Book |
| Published: |
New York:
Moody's Investors Service,
1995.
|
| Subjects: |
| LEADER | 00535cam a2200169 7i4500 | ||
|---|---|---|---|
| 001 | 0000004213 | ||
| 005 | 19991025090000.0 | ||
| 002 | ##000005673 | ||
| 020 | 0 | 0 | |a 1-56429-009-3 |
| 090 | 0 | 0 | |a AM.L 338.7 |b LAT |
| 245 | 1 | 0 | |a The Latin American companies handbook 1995. |
| 260 | 0 | 0 | |a New York: |b Moody's Investors Service, |c 1995. |
| 300 | 0 | 0 | |a 603 p.. |
| 650 | 0 | 0 | |a Business -- |x Handbooks, manuals, etc -- |z Latin America |
| 651 | 0 | 0 | |a Latin America |
| 710 | 1 | 1 | |a Moody's Investors Service |
| 999 | |a 0000006840 |b Book |c Open shelf |e Business Information Centre | ||


